| 000 | 00334nam a2200133Ia 4500 | ||
|---|---|---|---|
| 005 | 20251222141934.0 | ||
| 008 | 251222s9999||||xx |||||||||||||| ||spa|| | ||
| 020 | _a84-7020-386-X | ||
| 082 | _a263.4/G34 | ||
| 100 | _aGea Escolano, José | ||
| 245 | 0 | _aDe tu a tu con Jesús | |
| 264 | _bSociedad de Educación de Atenas | ||
| 942 | _cLIB | ||
| 999 |
_c9124 _d9124 |
||